Manual de desamortización civil y eclesiástica / (Record no. 153781)

MARC details
000 -LEADER
campo de control de longitud fija 01130nam a22002535i 4500
001 - NÚMERO DE CONTROL
campo de control 153781
003 - IDENTIFICADOR DE NÚMERO DE CONTROL
campo de control ES-MaACL
005 - FECHA Y HORA DE LA ÚLTIMA TRANSACCIÓN
campo de control 20250827062633.0
008 - DATOS DE LONGITUD FIJA--INFORMACIÓN GENERAL
campo de control de longitud fija 990701s1862 sp |||| | spa d
040 ## - FUENTE DE CATALOGACIÓN
Centro catalogador/agencia de origen CLM
Lengua de catalogación spa
Centro/agencia transcriptor CCPB | 3D
110 1# - ENTRADA PRINCIPAL--NOMBRE DE ENTIDAD CORPORATIVA
Nombre de entidad corporativa o nombre de jurisdicción como elemento de entrada España
9 (RLIN) 3622
240 10 - TÍTULO UNIFORME
Título uniforme Leyes, etc. sobre desamortización
245 10 - MENCIÓN DEL TÍTULO
Título Manual de desamortización civil y eclesiástica /
Mención de responsabilidad, etc. por los directores de la Revista General de Legislación y Jurisprudencia.
250 ## - MENCION DE EDICION
Mención de edición 2ª ed.
Resto de la mención de edición corr. y considerablemente aum. con las disposiciones legales publicadas hasta fin de 1861 por Jose Reus y Garcia.
260 ## - PUBLICACIÓN, DISTRIBUCIÓN, ETC.
Lugar de publicación, distribución, etc. Madrid :
Nombre del editor, distribuidor, etc. [s.n.],
Fecha de publicación, distribución, etc. 1862 (
Fabricante Imprenta de la Revista de Legislación, á cargo de Julian Morales)
300 ## - DESCRIPCIÓN FÍSICA
Extensión VII, 629 p. ;
Dimensiones 21 cm.
490 1# - MENCIÓN DE SERIE
Mención de serie Biblioteca jurídica de la Revista General de Legislación y Jurisprudencia
597 ## - NOTA DE DESCRIPCIÓN FÍSICA
NOTA DE DESCRIPCIÓN FÍSICA Antep.
650 #4 - PUNTO DE ACCESO ADICIONAL DE MATERIA--TÉRMINO DE MATERIA
Término de materia o nombre geográfico como elemento de entrada Desamortización.
9 (RLIN) 135908
700 1# - ENTRADA AGREGADA--NOMBRE PERSONAL
Nombre de persona Reus y García, José (
Fechas asociadas al nombre 1816-1883)
9 (RLIN) 131734
830 0# - PUNTO DE ACCESO ADICIONAL DE SERIE-TÍTULO UNIFORME
Título uniforme Biblioteca jurídica de la Revista General de Legislación y Jurisprudencia
9 (RLIN) 182502
852 ## - LOCALIZACIÓN
Ubicación ES-MaACL
Número de control de estantería C-2955
Nota libre -- Enc. hol.
Holdings
Estatus retirado Estado de pérdida Estado de daño No para préstamo Colección Biblioteca de origen Biblioteca actual Ubicación en estantería Fecha de adquisición Fuente de adquisición Total de préstamos Signatura topográfica completa Código de barras Visto por última vez Precio de reemplazo Tipo de ítem Koha
        Libros del s. XIX Biblioteca del Ateneo de Madrid Biblioteca del Ateneo de Madrid Sala Palomar 17/01/2008     C-2955 1160778 23/02/2023 23/02/2023 Libro impreso antiguo